[Event "DVM U20w 2003"]
[Site "Ditzingen GER"]
[Date "2003.12.27"]
[Round "2"]
[White "Spangenberg, Pia"]
[Black "Hafner, Katrin"]
[Result "0-1"]
[Termination "normal"]
[Board "6.3"]
[WhiteElo "1014"]
[BlackElo "1439"]
[WhiteTeam "SC Leipzig-Lindenau"]
[BlackTeam "SV Wolfbusch"]
[PlyCount "88"]
[WhiteFideId "4627989"]
[BlackFideId "24668001"]
[EventCountry "GER"]
[EventRounds "7"]
[EventType "team-swiss"]
[EventDate "2003.12.26"]

1. e4 e6 2. d4 d5 3. exd5 exd5 4. Nf3 Bd6 5. Nc3 c6 6. Bd3 Bg4 7. h3 Bh5 8. Be3
Nf6 9. g4 Bg6 10. Qd2 Nbd7 11. O-O-O Bxd3 12. Qxd3 O-O 13. Nd2 Qc7 14. Nb3 Rfe8
15. Rhf1 Bf4 16. Bxf4 Qxf4+ 17. Kb1 Rab8 18. Ne2 Qc7 19. f4 c5 20. Qf3 Ne4 21.
Ng3 c4 22. Nd2 Nxg3 23. Qxg3 Qb6 24. Nf3 c3 25. b3 Qb4 26. Ng1 Rbc8 27. Rd3 Nf6
28. Qf3 Ne4 29. Ne2 Qa3 30. Nxc3 Rxc3 31. Re1 Nd2+ 32. Rxd2 Rxe1+ 33. Rd1 Rxf3
34. Rxe1 h6 35. Re8+ Kh7 36. Re1 Qb4 37. Rd1 Rxf4 38. Kb2 Rf3 39. h4 Qc3+ 40.
Kb1 Rf2 41. Rc1 Qxd4 42. g5 Qxh4 43. gxh6 gxh6 44. Rd1 Qe4 0-1

[Event "DVM U20w 2003"]
[Site "Ditzingen GER"]
[Date "2003.12.27"]
[Round "2"]
[White "Häcker, Katrin"]
[Black "Spangenberg, Romy"]
[Result "1-0"]
[Termination "normal"]
[Board "6.4"]
[WhiteElo "1179"]
[BlackElo "886"]
[WhiteTeam "SV Wolfbusch"]
[BlackTeam "SC Leipzig-Lindenau"]
[PlyCount "63"]
[WhiteFideId "24667986"]
[BlackFideId "4627997"]
[EventCountry "GER"]
[EventRounds "7"]
[EventType "team-swiss"]
[EventDate "2003.12.26"]

1. e4 c5 2. Nf3 d6 3. d4 cxd4 4. Nxd4 g6 5. Nc3 Bg7 6. Bc4 Nf6 7. O-O Nc6 8.
Be3 O-O 9. f4 Bg4 10. Be2 Nxd4 11. Bxd4 Bxe2 12. Qxe2 Nh5 13. Bxg7 Kxg7 14. Kh1
Qb6 15. b3 Rac8 16. Nd5 Qc5 17. c4 Rfe8 18. f5 e6 19. f6+ Kf8 20. Ne3 Qe5 21.
Qf3 d5 22. g4 Nxf6 23. Qxf6 Qxf6 24. Rxf6 Kg7 25. e5 dxc4 26. Nxc4 Red8 27. h4
Rd4 28. Ne3 Rc5 29. Raf1 Rxe5 30. Rxf7+ Kh6 31. g5+ Kh5 32. Rxh7# 1-0

[Event "DVM U20w 2003"]
[Site "Ditzingen GER"]
[Date "2003.12.28"]
[Round "3"]
[White "Stejskal, Janina Maria"]
[Black "Winnicki, Alice"]
[Result "0-1"]
[Termination "normal"]
[Board "1.1"]
[WhiteElo "1833"]
[BlackElo "2032"]
[WhiteTeam "Hamburger SK von 1830"]
[BlackTeam "SK Johanneum Eppendorf"]
[PlyCount "96"]
[WhiteFideId "24601942"]
[BlackFideId "4687990"]
[EventCountry "GER"]
[EventRounds "7"]
[EventType "team-swiss"]
[EventDate "2003.12.26"]

1. e4 Nf6 2. e5 Nd5 3. d4 d6 4. Nf3 Bg4 5. Bc4 e6 6. O-O Nc6 7. exd6 Bxd6 8.
Bxd5 exd5 9. Re1+ Ne7 10. Nbd2 Qd7 11. Nf1 O-O-O 12. Qd3 f6 13. b3 Bf5 14. Qd1
g5 15. Ne3 h5 16. Bb2 h4 17. c4 g4 18. Nd2 g3 19. Ndf1 gxh2+ 20. Kh1 Rdg8 21.
Nxf5 Nxf5 22. Qf3 Rg4 23. Qxg4 Ng3+ 24. Qxg3 hxg3 25. Nxg3 f5 26. c5 Bf8 27.
Bc1 Rh4 28. Ne2 Bg7 29. Be3 Bf6 30. Rad1 Qg7 31. Nf4 c6 32. Ne6 Qh8 33. Bf4 Rh7
34. Be3 Qg8 35. Nf4 Bg5 36. Ne6 Bh4 37. Nf4 Qg4 38. Rd2 Bd8 39. Ne6 Ba5 40. f3
Qg8 41. Bg5 Bxd2 42. Bxd2 Qg3 43. Nf8 Rh4 44. Re8+ Kc7 45. Be1 Qxg2+ 46. Kxg2
h1=Q+ 47. Kf2 Rh2+ 48. Kg3 Rh3+ 0-1

[Event "DVM U20w 2003"]
[Site "Ditzingen GER"]
[Date "2003.12.28"]
[Round "3"]
[White "Chin, Karin"]
[Black "Peschke, Susanne"]
[Result "1-0"]
[Termination "normal"]
[Board "1.2"]
[WhiteElo "1775"]
[BlackElo "1626"]
[WhiteTeam "SK Johanneum Eppendorf"]
[BlackTeam "Hamburger SK von 1830"]
[PlyCount "73"]
[WhiteFideId "24608157"]
[EventCountry "GER"]
[EventRounds "7"]
[EventType "team-swiss"]
[EventDate "2003.12.26"]

1. e4 Nf6 2. e5 Nd5 3. d4 d6 4. Nf3 Bg4 5. Be2 Nc6 6. c4 Nb6 7. exd6 exd6 8.
Nc3 Be7 9. O-O O-O 10. b3 Bf6 11. Be3 Nc8 12. Nd5 Re8 13. Nxf6+ Qxf6 14. Qd2 h6
15. h3 Bd7 16. Nh2 Qg6 17. Kh1 N8e7 18. d5 Nd8 19. Rae1 Kh8 20. Bd4 f5 21. Qd1
Ng8 22. Bh5 Rxe1 23. Rxe1 Qh7 24. Qa1 f4 25. Nf3 Bf5 26. Nh4 Bc2 27. Re8 Rb8
28. Bf7 Nxf7 29. Rxb8 c5 30. Bc3 b6 31. Rb7 Bg6 32. Nxg6+ Qxg6 33. Qe1 Qf5 34.
Qe6 Qxe6 35. dxe6 Nd8 36. e7 Nxb7 37. e8=Q 1-0

[Event "DVM U20w 2003"]
[Site "Ditzingen GER"]
[Date "2003.12.28"]
[Round "3"]
[White "Goedeke Tort, Maheba"]
[Black "Schmidt, Jade"]
[Result "1/2-1/2"]
[Termination "normal"]
[Board "1.3"]
[WhiteElo "1461"]
[BlackElo "1699"]
[WhiteTeam "Hamburger SK von 1830"]
[BlackTeam "SK Johanneum Eppendorf"]
[PlyCount "96"]
[EventCountry "GER"]
[EventRounds "7"]
[EventType "team-swiss"]
[EventDate "2003.12.26"]

1. e4 c5 2. Nf3 e6 3. Nc3 a6 4. d4 cxd4 5. Nxd4 Qc7 6. f4 Bb4 7. Nde2 Nc6 8.
Be3 Nf6 9. Bd2 d6 10. h3 b5 11. g3 Bc5 12. Bg2 Bb7 13. Qc1 Qb6 14. Nd1 b4 15.
Be3 Na5 16. Bxc5 Qxc5 17. Nf2 Nc4 18. Bf3 Rc8 19. Nd3 Qb6 20. Nf2 O-O 21. Rb1
Rc7 22. c3 a5 23. h4 Rfc8 24. h5 Qa7 25. h6 g6 26. Rh4 Qe3 27. Qxe3 Nxe3 28.
Kd2 Nc4+ 29. Ke1 Nb6 30. g4 Na4 31. g5 Ne8 32. Nd1 Ba6 33. Rh3 Nc5 34. f5 Bc4
35. Nf4 Nd3+ 36. Nxd3 Bxd3 37. Rc1 exf5 38. Bg2 fxe4 39. Nf2 bxc3 40. bxc3 Rxc3
41. Rxc3 Rxc3 42. Bxe4 Rc1+ 43. Kd2 Rc2+ 44. Kxd3 Rxf2 45. a3 Nc7 46. Rg3 Ne6
47. Kc4 Rf4 48. Kd5 Nc5 1/2-1/2

[Event "DVM U20w 2003"]
[Site "Ditzingen GER"]
[Date "2003.12.28"]
[Round "3"]
[White "Rohlfs, Ricarda"]
[Black "Giersiepen, Annika"]
[Result "1-0"]
[Termination "normal"]
[Board "1.4"]
[WhiteElo "1671"]
[BlackElo "1433"]
[WhiteTeam "SK Johanneum Eppendorf"]
[BlackTeam "Hamburger SK von 1830"]
[PlyCount "105"]
[EventCountry "GER"]
[EventRounds "7"]
[EventType "team-swiss"]
[EventDate "2003.12.26"]

1. e4 d6 2. d4 Nf6 3. Nc3 c6 4. Be3 Qa5 5. f3 e6 6. Bd3 Be7 7. Qe2 Nbd7 8. Bd2
Qb6 9. e5 dxe5 10. dxe5 Nd5 11. O-O-O Nxc3 12. Bxc3 Bb4 13. Qd2 Bxc3 14. Qxc3
Qe3+ 15. Kb1 Qxe5 16. Qd2 Qf6 17. Nh3 h6 18. Nf2 Nc5 19. Be2 Qe7 20. Qd4 e5 21.
Qc3 Bf5 22. g4 Be6 23. Rhe1 f6 24. Bd3 Nxd3 25. Nxd3 O-O 26. Nc5 Rad8 27. Qe3
Rxd1+ 28. Rxd1 b6 29. Ne4 Rd8 30. Re1 Qf7 31. Ng3 Bxa2+ 32. Ka1 Be6 33. Nh5 g5
34. Qe4 Bd5 35. Qd3 Rd7 36. Qc3 Rc7 37. Ng3 Be6 38. Rd1 Bd5 39. Nf5 Qg6 40.
Rxd5 c5 41. Qc4 Kh7 42. Qd3 a5 43. Rd7+ Rxd7 44. Qxd7+ Kh8 45. Qd8+ Kh7 46.
Qc7+ Kh8 47. Qxb6 h5 48. h3 hxg4 49. hxg4 Kh7 50. Qc7+ Kh8 51. Qxc5 a4 52. Qd6
Kh7 53. Qd2 1-0

[Event "DVM U20w 2003"]
[Site "Ditzingen GER"]
[Date "2003.12.28"]
[Round "3"]
[White "Kind, Veronika"]
[Black "Beltz, Franziska"]
[Result "0-1"]
[Termination "normal"]
[Board "2.1"]
[WhiteElo "1829"]
[BlackElo "1987"]
[WhiteTeam "SV Glück auf Rüdersdorf"]
[BlackTeam "SC Leipzig-Gohlis"]
[PlyCount "78"]
[BlackFideId "4681401"]
[EventCountry "GER"]
[EventRounds "7"]
[EventType "team-swiss"]
[EventDate "2003.12.26"]

1. e4 c5 2. Nf3 d6 3. d4 cxd4 4. Nxd4 Nf6 5. Nc3 a6 6. Be2 e5 7. Nb3 Be6 8. O-O
Be7 9. Kh1 d5 10. exd5 Nxd5 11. Ne4 Qc7 12. Ng5 Bxg5 13. Bxg5 O-O 14. c3 f6 15.
Bc1 Nd7 16. Bd3 f5 17. Bc2 N7f6 18. h3 Rad8 19. Qf3 Ne7 20. Re1 Ng6 21. Qg3 Nh5
22. Qg5 Nhf4 23. Bxf4 Nxf4 24. Rad1 Bd5 25. Rxd5 Rxd5 26. Bxf5 Qf7 27. Be4 Rd6
28. Nc5 Kh8 29. Qxe5 Rh6 30. Kh2 Rh5 31. Qd6 Rg5 32. g3 Nxh3 33. f4 Rh5 34. Kg2
Rh6 35. Qe5 Rh5 36. Qd6 Rh6 37. Qe5 Rh5 38. Qd6 Ng5 39. Bd5 Qf5 0-1

[Event "DVM U20w 2003"]
[Site "Ditzingen GER"]
[Date "2003.12.28"]
[Round "3"]
[White "Beltz, Carmen"]
[Black "Sdunzik, Jennifer"]
[Result "1-0"]
[Termination "normal"]
[Board "2.2"]
[WhiteElo "1752"]
[BlackElo "1693"]
[WhiteTeam "SC Leipzig-Gohlis"]
[BlackTeam "SV Glück auf Rüdersdorf"]
[PlyCount "83"]
[WhiteFideId "24608726"]
[BlackFideId "24620475"]
[EventCountry "GER"]
[EventRounds "7"]
[EventType "team-swiss"]
[EventDate "2003.12.26"]

1. e4 c5 2. Nf3 d6 3. d4 cxd4 4. Nxd4 Nf6 5. Nc3 a6 6. Bc4 e6 7. Be3 Qc7 8. Bb3
b5 9. Qe2 Nc6 10. O-O-O Na5 11. g4 Nxb3+ 12. axb3 Bb7 13. Rhe1 d5 14. exd5 Nxd5
15. Nxd5 Bxd5 16. Kb1 g6 17. Nxb5 Qb7 18. Rxd5 exd5 19. Bd4+ Kd7 20. Bxh8 axb5
21. Qf3 Kc6 22. Rd1 Rd8 23. c4 bxc4 24. bxc4 Kc5 25. cxd5 Rxd5 26. Rxd5+ Qxd5
27. Qa3+ Kc4 28. b3+ Kb5 29. Qa4+ Kb6 30. Bd4+ Kb7 31. Qa7+ Kc6 32. Qa8+ Kd6
33. Qxf8+ Kd7 34. Qb4 Qe4+ 35. Kb2 Qe2+ 36. Ka3 Qxg4 37. Qb7+ Kd6 38. Qb8+ Kc6
39. Qe8+ Kd6 40. Qd8+ Kc6 41. Qf6+ Kd5 42. Qxf7+ 1-0

[Event "DVM U20w 2003"]
[Site "Ditzingen GER"]
[Date "2003.12.28"]
[Round "3"]
[White "Müller, Thea-Lina"]
[Black "Helmbold, Irene"]
[Result "0-1"]
[Termination "normal"]
[Board "2.3"]
[WhiteElo "1737"]
[BlackElo "1719"]
[WhiteTeam "SV Glück auf Rüdersdorf"]
[BlackTeam "SC Leipzig-Gohlis"]
[PlyCount "96"]
[WhiteFideId "24604054"]
[BlackFideId "24600873"]
[EventCountry "GER"]
[EventRounds "7"]
[EventType "team-swiss"]
[EventDate "2003.12.26"]

1. e4 c5 2. Nf3 e6 3. d4 cxd4 4. Nxd4 Nf6 5. Nc3 d6 6. Be2 a6 7. a4 Qc7 8. Be3
b6 9. f4 Bb7 10. Bf3 Nbd7 11. Nb3 Be7 12. O-O O-O 13. Qe1 Rab8 14. Rd1 Nc5 15.
Bf2 Nfd7 16. Qd2 Bc6 17. Rfe1 Nxa4 18. Nd5 Bxd5 19. exd5 e5 20. Qc1 Bf6 21.
fxe5 Nxe5 22. Be2 Nxb2 23. Bxa6 Nxd1 24. Qxd1 b5 25. Qe2 Nc4 26. Nd4 Bxd4 27.
Bxd4 Qa5 28. Ra1 Qc7 29. Qg4 Ne5 30. Qe2 Qc4 31. Qxc4 Nxc4 32. Kf2 Rfe8 33. h3
Re4 34. Bc3 Ne3 35. Bxb5 Nd1+ 36. Rxd1 Rxb5 37. Ra1 f6 38. Rd1 Rc4 39. Rd3 Rbc5
40. Be1 Rxc2+ 41. Kf3 Rb2 42. Bg3 Rcc2 43. Bxd6 Rxg2 44. Bc7 Rgd2 45. Rxd2 Rxd2
46. d6 Kf7 47. Ke3 Rd1 48. Ke4 Ke6 0-1

[Event "DVM U20w 2003"]
[Site "Ditzingen GER"]
[Date "2003.12.28"]
[Round "3"]
[White "Becker, Wilma"]
[Black "Busse, Nadine"]
[Result "0-1"]
[Termination "normal"]
[Board "2.4"]
[WhiteElo "1511"]
[BlackElo "1664"]
[WhiteTeam "SC Leipzig-Gohlis"]
[BlackTeam "SV Glück auf Rüdersdorf"]
[PlyCount "54"]
[WhiteFideId "24659290"]
[BlackFideId "24632023"]
[EventCountry "GER"]
[EventRounds "7"]
[EventType "team-swiss"]
[EventDate "2003.12.26"]

1. e4 c5 2. Nf3 d6 3. d4 cxd4 4. Nxd4 Nf6 5. Nc3 a6 6. Bc4 e6 7. Bb3 Nbd7 8.
Qe2 Nc5 9. Bd2 Qc7 10. O-O-O b5 11. f3 Bb7 12. g4 Nxb3+ 13. Nxb3 b4 14. Na4 Bc6
15. Bxb4 Bxa4 16. Ba5 Qb7 17. Qc4 Bb5 18. Qc3 Rc8 19. Qd2 Nd7 20. Qf4 Ne5 21.
Kb1 Ba4 22. Bc3 Qc7 23. Rd2 Be7 24. Rhd1 O-O 25. Bb4 h6 26. Bxd6 Bxd6 27. Rxd6
Qxc2+ 0-1

[Event "DVM U20w 2003"]
[Site "Ditzingen GER"]
[Date "2003.12.28"]
[Round "3"]
[White "Schulz, Stefanie"]
[Black "Rezai, Yuanne"]
[Result "0-1"]
[Termination "normal"]
[Board "3.1"]
[WhiteElo "2097"]
[BlackElo "1827"]
[WhiteTeam "SK König Tegel 49"]
[BlackTeam "SF Wadgassen-Differten"]
[PlyCount "82"]
[WhiteFideId "4693060"]
[EventCountry "GER"]
[EventRounds "7"]
[EventType "team-swiss"]
[EventDate "2003.12.26"]

1. e4 d5 2. exd5 Nf6 3. d4 Bg4 4. Nf3 Qxd5 5. Be2 Nc6 6. c3 O-O-O 7. Qa4 e5 8.
dxe5 Nxe5 9. Nbd2 Nd3+ 10. Bxd3 Qxd3 11. Qc4 Re8+ 12. Kd1 Qd7 13. b3 Ne4 14.
Rf1 Bc5 15. Kc2 Nxf2 16. a4 Bf5+ 17. Kb2 Nd3+ 18. Ka2 Re2 19. Rd1 Rhe8 20. Nd4
Rxg2 21. Ba3 Bxd4 22. cxd4 Ree2 23. Bb4 Qe6 24. Bc3 Nf2 25. Qb4 Nxd1 26. Rxd1
b6 27. Kb2 Qe4 28. Rc1 Qd3 29. Ka3 Rxd2 30. Bxd2 Qxd2 31. Qc4 Qf4 32. Qc6 Rxh2
33. Qa8+ Kd7 34. Qc6+ Kd8 35. Qa8+ Bc8 36. Qd5+ Qd6+ 37. Qxd6+ cxd6 38. Rg1 g6
39. Kb4 Rh4 40. Rd1 Bb7 41. Kc4 Kd7 0-1

[Event "DVM U20w 2003"]
[Site "Ditzingen GER"]
[Date "2003.12.28"]
[Round "3"]
[White "Thiery, Jennifer"]
[Black "Rath, Alina"]
[Result "1/2-1/2"]
[Termination "normal"]
[Board "3.2"]
[WhiteElo "1688"]
[BlackElo "1724"]
[WhiteTeam "SF Wadgassen-Differten"]
[BlackTeam "SK König Tegel 49"]
[PlyCount "107"]
[BlackFideId "24607886"]
[EventCountry "GER"]
[EventRounds "7"]
[EventType "team-swiss"]
[EventDate "2003.12.26"]

1. e4 c5 2. Nf3 Nc6 3. d4 cxd4 4. Nxd4 Nf6 5. Nc3 d6 6. Bg5 e6 7. Qd2 Be7 8. f4
a6 9. Be2 O-O 10. O-O-O Nxd4 11. Qxd4 Qa5 12. Qd2 Rd8 13. Kb1 Qc7 14. g4 Bd7
15. Bxf6 gxf6 16. f5 b5 17. Bf3 Rac8 18. h4 b4 19. Ne2 a5 20. g5 exf5 21. gxf6
Bxf6 22. Rhg1+ Kh8 23. Nd4 Rg8 24. Nxf5 Bxf5 25. exf5 Qc5 26. Rxg8+ Rxg8 27.
Bd5 Qc7 28. Qh6 Qe7 29. Qf4 Bxh4 30. Bxf7 Qxf7 31. Qxh4 Qxf5 32. b3 Qe5 33. Qd4
Qxd4 34. Rxd4 Rg5 35. Rxd6 h5 36. Kb2 Kg7 37. a3 bxa3+ 38. Kxa3 h4 39. Rd4 Rh5
40. Rd2 h3 41. Rh2 Kf6 42. c4 Ke6 43. b4 axb4+ 44. Kxb4 Kd6 45. Rd2+ Kc6 46.
Rh2 Rh4 47. Kc3 Kc5 48. Kb3 Rh8 49. Kc3 Rh7 50. Kd3 Rh4 51. Ke3 Kxc4 52. Kf3
Rh8 53. Kg3 Kd4 54. Rxh3 1/2-1/2

[Event "DVM U20w 2003"]
[Site "Ditzingen GER"]
[Date "2003.12.28"]
[Round "3"]
[White "Neldner, Uta"]
[Black "Dietzen, Corinna"]
[Result "0-1"]
[Termination "normal"]
[Board "3.3"]
[WhiteElo "1702"]
[BlackElo "1598"]
[WhiteTeam "SK König Tegel 49"]
[BlackTeam "SF Wadgassen-Differten"]
[PlyCount "100"]
[WhiteFideId "24604070"]
[BlackFideId "24621021"]
[EventCountry "GER"]
[EventRounds "7"]
[EventType "team-swiss"]
[EventDate "2003.12.26"]

1. d4 Nf6 2. e3 e6 3. Bd3 b6 4. f4 Bb7 5. Nf3 Be7 6. O-O O-O 7. Nbd2 c5 8. c3
Nc6 9. Qe1 Nd5 10. Ne4 cxd4 11. exd4 Qc7 12. Ne5 f6 13. Nxc6 Qxc6 14. f5 e5 15.
Be3 Nxe3 16. Qxe3 Rfe8 17. Rac1 Bf8 18. Qg3 Rac8 19. d5 Qc7 20. Nxf6+ Kh8 21.
Nxe8 Rxe8 22. Be4 Qc5+ 23. Kh1 Bxd5 24. Bxd5 Qxd5 25. Rce1 d6 26. Qh4 Qxa2 27.
Qh5 Rc8 28. Ra1 Qxb2 29. Rxa7 Qxc3 30. f6 Qd3 31. fxg7+ Bxg7 32. Qf7 Qg6 33.
Qb7 Rg8 34. Ra8 h6 35. Rxg8+ Kxg8 36. Qxb6 Kh7 37. h3 d5 38. Qc5 d4 39. Qc4 e4
40. Ra1 Qb6 41. Qf7 Qf6 42. Qd5 e3 43. Qe4+ Qg6 44. Qf3 d3 45. Ra5 e2 46. Qe3
d2 47. Qxe2 Qb1+ 48. Kh2 d1=Q 49. Qe8 Qd6+ 50. g3 Qd2+ 0-1

[Event "DVM U20w 2003"]
[Site "Ditzingen GER"]
[Date "2003.12.28"]
[Round "3"]
[White "Ley, Janine"]
[Black "König, Laura"]
[Result "1-0"]
[Termination "normal"]
[Board "3.4"]
[WhiteElo "1388"]
[BlackElo "1183"]
[WhiteTeam "SF Wadgassen-Differten"]
[BlackTeam "SK König Tegel 49"]
[PlyCount "97"]
[WhiteFideId "24671274"]
[EventCountry "GER"]
[EventRounds "7"]
[EventType "team-swiss"]
[EventDate "2003.12.26"]

1. c4 e6 2. Nc3 d5 3. cxd5 exd5 4. g3 d4 5. Nb1 c5 6. Bg2 Nf6 7. d3 Be7 8. Bd2
O-O 9. Na3 Be6 10. Bxb7 Nbd7 11. Bxa8 Qxa8 12. Nf3 Bh3 13. Rg1 Bg4 14. Nh4 Qb7
15. Qc2 Rc8 16. f3 Be6 17. b3 Nd5 18. Nc4 Nb4 19. Bxb4 cxb4 20. Ng2 Nb6 21.
O-O-O Nd5 22. Rde1 a5 23. Kd2 Bg5+ 24. f4 Bf6 25. e4 dxe3+ 26. Ngxe3 Bc3+ 27.
Ke2 Bxe1 28. Rxe1 Nxe3 29. Kxe3 Qa7+ 30. Ke2 Bg4+ 31. Kf1 Bh3+ 32. Ke2 Qe7+ 33.
Kf2 Qc5+ 34. Re3 Qd4 35. Qe2 h6 36. Nxa5 Qd5 37. Nc4 Qg2+ 38. Ke1 Qg1+ 39. Kd2
Qa1 40. Qd1 Qxa2+ 41. Qc2 Qa8 42. Qb2 Rc7 43. Qe5 Rc8 44. Qa5 Qb7 45. Nd6 Qc7
46. Qxc7 Rxc7 47. Re4 Rd7 48. Nb5 Bf5 49. Rd4 1-0

[Event "DVM U20w 2003"]
[Site "Ditzingen GER"]
[Date "2003.12.28"]
[Round "3"]
[White "Jehle, Anja"]
[Black "Reiske, Anne"]
[Result "1-0"]
[Termination "normal"]
[Board "4.1"]
[WhiteElo "1520"]
[BlackElo "1631"]
[WhiteTeam "SV Wolfbusch"]
[BlackTeam "TSG Mutterstadt"]
[PlyCount "82"]
[WhiteFideId "24631434"]
[BlackFideId "24635472"]
[EventCountry "GER"]
[EventRounds "7"]
[EventType "team-swiss"]
[EventDate "2003.12.26"]

1. d4 d5 2. c4 Nf6 3. Nc3 e6 4. Bg5 Nbd7 5. Nf3 Be7 6. e3 b6 7. Bd3 Bb7 8. O-O
Rc8 9. Qe2 O-O 10. Rac1 c6 11. Rc2 Nb8 12. Ne5 Nfd7 13. Qh5 f5 14. h4 Nf6 15.
Qe2 Ne4 16. Bxe4 fxe4 17. Qg4 Qd6 18. Bf4 Rf6 19. cxd5 exd5 20. Rfc1 Re8 21.
Ne2 Qd8 22. Ng3 Qc8 23. Nh5 Qxg4 24. Nxf6+ Bxf6 25. Nxg4 Bxh4 26. Bxb8 Rxb8 27.
Ne5 Rf8 28. g3 Bd8 29. Nxc6 Bxc6 30. Rxc6 Rf6 31. Rc8 Rd6 32. Ra8 Kf8 33. Rxa7
Be7 34. Rc8+ Kf7 35. Rcc7 Re6 36. Rd7 Kf6 37. Rxd5 h6 38. Ra6 Kf7 39. Rd7 Kf6
40. d5 Rd6 41. Rxd6+ Bxd6 1-0

[Event "DVM U20w 2003"]
[Site "Ditzingen GER"]
[Date "2003.12.28"]
[Round "3"]
[White "Auburger, Kirstin"]
[Black "Erben, Larissa"]
[Result "0-1"]
[Termination "normal"]
[Board "4.2"]
[WhiteElo "1673"]
[BlackElo "1497"]
[WhiteTeam "TSG Mutterstadt"]
[BlackTeam "SV Wolfbusch"]
[PlyCount "82"]
[WhiteFideId "24620726"]
[BlackFideId "24634590"]
[EventCountry "GER"]
[EventRounds "7"]
[EventType "team-swiss"]
[EventDate "2003.12.26"]

1. d4 d5 2. e4 c6 3. Bd3 dxe4 4. Bc4 Nf6 5. Nc3 Bf5 6. f3 e6 7. Bg5 Bb4 8. Qd2
h6 9. Bh4 Nbd7 10. O-O-O Nb6 11. Bb3 Nbd5 12. Bxd5 exd5 13. Qe3 O-O 14. fxe4
Re8 15. e5 Ng4 16. Qe1 Bxc3 17. bxc3 Qa5 18. Kb1 Qb5+ 19. Ka1 Bxc2 20. Rc1 Be4
21. Nf3 h5 22. h3 Nh6 23. Qf2 a5 24. Rhf1 Bd3 25. Rfe1 a4 26. Bg5 Nf5 27. g4
Ne7 28. gxh5 a3 29. Rg1 Nf5 30. Nh4 Nxh4 31. Bxh4 Ra6 32. Rxg7+ Kxg7 33. h6+
Kf8 34. Qg2 Qb2+ 35. Qxb2 axb2+ 36. Kxb2 Rb6+ 37. Ka1 Kg8 38. Bf6 Kh7 39. Bg7
Bf5 40. h4 Bg6 41. Rh1 Be4 0-1

[Event "DVM U20w 2003"]
[Site "Ditzingen GER"]
[Date "2003.12.28"]
[Round "3"]
[White "Hafner, Katrin"]
[Black "Schulz, Ann-Kristin"]
[Result "1/2-1/2"]
[Termination "normal"]
[Board "4.3"]
[WhiteElo "1439"]
[BlackElo "1380"]
[WhiteTeam "SV Wolfbusch"]
[BlackTeam "TSG Mutterstadt"]
[PlyCount "98"]
[WhiteFideId "24668001"]
[EventCountry "GER"]
[EventRounds "7"]
[EventType "team-swiss"]
[EventDate "2003.12.26"]

1. e4 e5 2. Nf3 d6 3. d4 Nd7 4. Bc4 Ngf6 5. dxe5 dxe5 6. Ng5 Bb4+ 7. c3 O-O 8.
Bxf7+ Rxf7 9. Nxf7 Bxc3+ 10. Nxc3 Kxf7 11. O-O h6 12. Be3 b6 13. Rc1 Bb7 14.
Qc2 c5 15. Rcd1 Qc7 16. Rfe1 Rg8 17. a3 Nf8 18. Rd2 Ne6 19. Nb5 Qc6 20. Nd6+
Ke7 21. b4 Nd4 22. Bxd4 cxd4 23. Qxc6 Bxc6 24. Nf5+ Ke6 25. Rc2 Bxe4 26. Nxd4+
exd4 27. f3 d3 28. Rd2 Kd5 29. fxe4+ Kc4 30. Red1 Rd8 31. Kf2 Nxe4+ 32. Ke3
Nxd2 33. Kxd2 Kb3 34. Rf1 Rd6 35. b5 Ka4 36. Rf5 Ka5 37. h4 a6 38. bxa6+ Kxa6
39. h5 b5 40. g4 Ka5 41. Rf4 Kb6 42. Rf3 Kc5 43. Rf4 Kb6 44. Rf3 Kc5 45. Rxd3
Rxd3+ 46. Kxd3 Kd5 47. Kc3 Kc5 48. Kd3 Kd5 49. Kc3 Kc5 1/2-1/2

[Event "DVM U20w 2003"]
[Site "Ditzingen GER"]
[Date "2003.12.28"]
[Round "3"]
[White "Hetterich, Tanja"]
[Black "Mijatovic, Andrea"]
[Result "1-0"]
[Termination "normal"]
[Board "4.4"]
[WhiteElo "1140"]
[BlackElo "1275"]
[WhiteTeam "TSG Mutterstadt"]
[BlackTeam "SV Wolfbusch"]
[PlyCount "57"]
[BlackFideId "14514524"]
[EventCountry "GER"]
[EventRounds "7"]
[EventType "team-swiss"]
[EventDate "2003.12.26"]

1. e4 c5 2. Nf3 Nc6 3. d4 cxd4 4. Nxd4 Nf6 5. Nc3 e5 6. Nxc6 bxc6 7. Bc4 Bb4 8.
Bd2 d6 9. Qe2 O-O 10. O-O-O Be6 11. Bxe6 fxe6 12. Qc4 Bxc3 13. Bxc3 Qc7 14. f3
Rfe8 15. Rhe1 Kh8 16. Re2 Re7 17. Be1 d5 18. exd5 exd5 19. Qc3 e4 20. Bg3 Qd7
21. Be5 Rf8 22. Qc5 Rff7 23. Bxf6 Rxf6 24. fxe4 Rf4 25. Qb4 h6 26. Qb8+ Qe8 27.
Qxf4 Rxe4 28. Rxe4 dxe4 29. Re1 1-0

[Event "DVM U20w 2003"]
[Site "Ditzingen GER"]
[Date "2003.12.28"]
[Round "3"]
[White "Weiß, Katharina"]
[Black "Blodig, Carolin"]
[Result "1/2-1/2"]
[Termination "normal"]
[Board "5.1"]
[WhiteElo "1618"]
[BlackElo "1946"]
[WhiteTeam "ESV Delitzsch"]
[BlackTeam "Allersberger SC 2000"]
[PlyCount "31"]
[WhiteFideId "24692859"]
[BlackFideId "4692012"]
[EventCountry "GER"]
[EventRounds "7"]
[EventType "team-swiss"]
[EventDate "2003.12.26"]

1. e4 c5 2. Nc3 e6 3. f4 g6 4. d3 Bg7 5. Be3 d6 6. Nf3 Nc6 7. g3 Nge7 8. Bg2
Nd4 9. O-O Rb8 10. Rb1 b5 11. Ne2 Nec6 12. c3 Nxe2+ 13. Qxe2 Ne7 14. d4 Qc7 15.
Qf2 c4 16. Kh1 1/2-1/2

[Event "DVM U20w 2003"]
[Site "Ditzingen GER"]
[Date "2003.12.28"]
[Round "3"]
[White "Lehner, Martina"]
[Black "Müller, Silvana"]
[Result "1/2-1/2"]
[Termination "normal"]
[Board "5.2"]
[WhiteElo "1241"]
[BlackElo "1418"]
[WhiteTeam "Allersberger SC 2000"]
[BlackTeam "ESV Delitzsch"]
[PlyCount "36"]
[EventCountry "GER"]
[EventRounds "7"]
[EventType "team-swiss"]
[EventDate "2003.12.26"]

1. e4 c5 2. c3 d6 3. d4 cxd4 4. cxd4 Nf6 5. Nc3 g6 6. Be3 Bg7 7. Nf3 O-O 8. Be2
Nbd7 9. O-O a6 10. b4 Nb6 11. Qc1 Bd7 12. Bh6 Rc8 13. Qd2 Na4 14. Nxa4 Bxa4 15.
Qf4 Qd7 16. Bxg7 Kxg7 17. e5 Nd5 18. Qg3 dxe5 1/2-1/2

[Event "DVM U20w 2003"]
[Site "Ditzingen GER"]
[Date "2003.12.28"]
[Round "3"]
[White "Warnick, Anita"]
[Black "Lehner, Marianne"]
[Result "0-1"]
[Termination "normal"]
[Board "5.3"]
[WhiteElo "883"]
[BlackElo "1295"]
[WhiteTeam "ESV Delitzsch"]
[BlackTeam "Allersberger SC 2000"]
[PlyCount "92"]
[EventCountry "GER"]
[EventRounds "7"]
[EventType "team-swiss"]
[EventDate "2003.12.26"]

1. e4 e5 2. Nf3 Nc6 3. Bc4 Bc5 4. c3 d6 5. d4 exd4 6. cxd4 Bb4+ 7. Nc3 Nf6 8.
Ng5 O-O 9. Qb3 Qe7 10. O-O Bxc3 11. bxc3 Nxe4 12. Re1 Nc5 13. Rxe7 Nxb3 14.
Bxf7+ Kh8 15. Rxc7 Nxa1 16. Bf4 Rd8 17. Ne4 Rd7 18. Rxd7 Bxd7 19. Bxd6 Nd8 20.
Bd5 Bc6 21. Bxc6 Nxc6 22. d5 Nd8 23. Bc7 Nc2 24. a4 Rc8 25. d6 Na3 26. f3 Ne6
27. Ba5 b6 28. Bb4 Nc4 29. g4 a5 30. d7 Rd8 31. Be7 Rxd7 32. Bh4 Rd3 33. Kg2
Ne5 34. Ng5 Nxg5 35. Bxg5 Rxc3 36. f4 Nxg4 37. h3 Rc2+ 38. Kg3 Ne3 39. Kf3 Nc4
40. Kg4 g6 41. Bf6+ Kg8 42. h4 Ra2 43. h5 Kf7 44. hxg6+ hxg6 45. Kg5 Rg2+ 46.
Kh4 Kxf6 0-1